|
|
|
|
| LEADER |
00000nam a2200000 a 4500 |
| 001 |
UCL2907 |
| 003 |
CL-VaPUC |
| 008 |
031107e19970000FR |||||||||||||||||fre|d |
| 020 |
|
|
|a 286612135X
|
| 082 |
0 |
4 |
|a 371.12
|b BRI
|2 21
|
| 100 |
0 |
|
|a Briand, J
|e author
|9 480081
|
| 700 |
0 |
|
|a Brousseau, Guy
|e author
|9 480082
|
| 245 |
1 |
0 |
|a Concours externe de recrutement des professeurs d'ecole: corrigés des sujets 1997
|
| 300 |
|
|
|a 303 p
|
| 942 |
|
|
|c BK
|
| 945 |
|
|
|d 20031107 00:00:00
|a cmena
|
| 260 |
|
|
|a París
|b IREM
|c 1997
|
| 650 |
|
0 |
|a Evaluación docente
|9 382859
|
| 650 |
|
0 |
|a Formación profesional de profesores
|9 307493
|
| 650 |
|
0 |
|a Matemáticas
|x Enseñanza
|9 875527
|
| 650 |
|
0 |
|a Matemática
|9 260235
|
| 583 |
|
|
|a last modification
|c 20120306 11:52:53
|k Rodrigo Vera
|
| 999 |
|
|
|c 306074
|d 306072
|